Effect de quantite de chauk utilisee sur le pH du sol et la rendement de ciboule a svay rieng, ឥទ្ធិពលបរិមាណកំបោរទៅលើប៉េហាស់ដី និង​ទិន្នផលដំណាំខ្ទឹមស្លឹកនៅខេត្តស្វាយរៀង (Record no. 1539)

000 -LEADER
fixed length control field 00676nam a22001577a 4500
003 - CONTROL NUMBER IDENTIFIER
control field OSt
005 - DATE AND TIME OF LATEST TRANSACTION
control field 20150930162412.0
008 - FIXED-LENGTH DATA ELEMENTS--GENERAL INFORMATION
fixed length control field 150930b xxu||||| |||| 00| 0 eng d
040 ## - CATALOGING SOURCE
Transcribing agency RUA
082 ## - DEWEY DECIMAL CLASSIFICATION NUMBER
Classification number AGR SOK 2008 B063 Or.1
100 ## - MAIN ENTRY--PERSONAL NAME
9 (RLIN) 1632
Personal name SOK, KUNTHEA.
245 ## - TITLE STATEMENT
Title Effect de quantite de chauk utilisee sur le pH du sol et la rendement de ciboule a svay rieng, ឥទ្ធិពលបរិមាណកំបោរទៅលើប៉េហាស់ដី និង​ទិន្នផលដំណាំខ្ទឹមស្លឹកនៅខេត្តស្វាយរៀង
260 ## - PUBLICATION, DISTRIBUTION, ETC. (IMPRINT)
Place of publication, distribution, etc. Phnom Penh
Name of publisher, distributor, etc. RUA
Date of publication, distribution, etc. 2008
300 ## - PHYSICAL DESCRIPTION
Extent vi; 36p.
Other physical details ill.
Dimensions 29cm.
942 ## - ADDED ENTRY ELEMENTS (KOHA)
Source of classification or shelving scheme
Koha item type AGR
Holdings
Price effective from Date last seen Permanent Location Not for loan Date acquired Source of classification or shelving scheme Koha item type Lost status Withdrawn status Date last checked out Total Checkouts Shelving location Damaged status Barcode Current Location Full call number
2015-09-302015-09-30Library Block B 2015-09-30 AGR    B063 RUA009364Library Block BAGR SOK 2008 B063 Or.1
2015-09-302015-09-30Library Block B 2015-09-30 AGR    B063 RUA009856Library Block BAGR SOK 2008 B063 Or.2
2015-09-302015-09-30Library Block B 2015-09-30 AGR    B063 RUA009784Library Block BAGR SOK 2008 B063 Or.3
2015-09-302015-09-30Library Block B 2015-09-30 AGR    B063 RUA009707Library Block BAGR SOK 2008 B063 Or.4
2015-09-302016-04-04Library Block B 2015-09-30 AGR  2016-03-301B063 RUA009994Library Block BAGR SOK 2008 B063 Or.5
2015-09-302015-09-30Library Block B 2015-09-30 AGR    B063 RUA009922Library Block BAGR SOK 2008 B063 Or.6
2015-09-302015-09-30Library Block B 2015-09-30 AGR    B063 RUA009850Library Block BAGR SOK 2008 B063 Or.7
2015-09-302015-09-30Library Block B 2015-09-30 AGR    B063 RUA009778Library Block BAGR SOK 2008 B063 Or.8
2015-09-302015-09-30Library Block B 2015-09-30 AGR    B063 RUA009774Library Block BAGR SOK 2008 B063 Or.9
2015-09-302015-09-30Library Block B 2015-09-30 AGR    B063 RUA009846Library Block BAGR SOK 2008 B063 Or.10
2015-09-302015-09-30Library Block B 2015-09-30 AGR    B063 RUA009918Library Block BAGR SOK 2008 B063 Or.11
មជ្ឈមណ្ឌលឯការនៃសាកលវិទ្យាល័យភូមិន្ទកសិកម្មចំការដូង

Powered by Koha